Top 50 Equipe de France Players - Statistics

General Stats
  • This quiz has been taken 1,000 times
  • The average score is 16 of 50
Answer Stats
Rank Player Post Selections Goals Years % Correct
2 Zinedine Zidane MF 108 31 1994-06
97%
4 Thierry Henry ST 123 51 1997-10
88%
1 Michel Platini MF 72 41 1976-87
81%
32 Hugo Lloris GK 114 0 2008-
74%
7 Fabien Barthez GK 87 0 1994-06
70%
3 Didier Deschamps MF 103 4 1989-00
69%
5 Lilian Thuram DF 142 2 1994-08
68%
9 Laurent Blanc DF 97 16 1989-00
65%
33 Karim Benzema ST 81 27 2007-16
64%
10 Marcel Desailly DF 116 3 1993-04
63%
15 David Trézéguet ST 71 34 1998-08
59%
18 Patrick Vieira MF 107 6 1997-09
57%
25 Emmanuel Petit MF 63 6 1990-03
56%
31 Franck Ribéry ST 81 16 2006-14
56%
8 Just Fontaine ST 21 30 1953-60
53%
12 Bixente Lizarazu DF 97 2 1992-04
50%
28 Jean-Pierre Papin ST 54 30 1986-95
47%
40 Claude Makélélé MF 71 0 1995-08
43%
37 Eric Cantona ST 45 20 1987-95
42%
6 Raymond Kopa ST 45 18 1952-62
38%
26 Robert Pirès MF 79 14 1996-04
38%
16 Youri Djorkaeff ST 82 28 1993-02
37%
45 Frank Leboeuf DF 50 4 1995-02
28%
22 Sylvain Wiltord ST 92 26 1999-06
27%
21 Marius Trésor DF 65 4 1971-83
25%
35 Florent Malouda MF 80 9 2004-12
24%
34 William Gallas DF 84 5 2002-10
24%
41 Eric Abidal DF 67 0 2004-13
22%
17 Alain Giresse MF 47 6 1974-86
19%
14 Jean Tigana MF 52 1 1980-88
18%
24 Luis Fernandez MF 60 6 1982-92
16%
20 Joël Bats GK 50 0 1983-89
14%
29 Dominique Rocheteau ST 49 15 1975-86
13%
11 Manuel Amoros DF 82 1 1982-92
12%
42 Patrick Battiston DF 56 3 1977-89
11%
13 Maxime Bossis DF 72 1 1976-86
10%
46 Didier Six ST 52 13 1976-84
9%
38 Roger Piantoni ST 37 18 1952-61
5%
30 Jean Vincent ST 46 22 1953-61
4%
47 Henri Michel MF 58 4 1967-80
3%
36 Jean Nicolas ST 25 21 1933-38
3%
23 Roger Marche DF 63 1 1947-59
3%
19 Robert Jonquet DF 58 0 1948-60
2%
43 Alex Thépot GK 31 0 1927-35
0%
39 Armand Penverne MF 39 2 1952-59
0%
44 Emile Veinante ST 24 14 1929-40
0%
27 Étienne Mattler DF 46 0 1930-40
0%
48 Eugène Maës ST 11 15 1911-13
0%
49 Julien Darui GK 25 0 1939-51
0%
50 Thadée Cisowski ST 13 11 1951-58
0%
No matching quizzes found
Score Distribution
Percent of People with Each Score
Percentile by Number Answered
Your Score History
You have not taken this quiz